| 000 | 00356nam a22001457a 4500 | ||
|---|---|---|---|
| 003 | OSt | ||
| 008 | 210215b ||||| |||| 00| 0 eng d | ||
| 020 | _a9789380376431 | ||
| 082 |
_a620.43 _bSIN/NA |
||
| 100 |
_aSingh A P _91106 |
||
| 245 |
_aNanotechnology _bA broad spectrum |
||
| 260 |
_aNew Delhi _bAxis Publications _c2011 |
||
| 300 | _a241 | ||
| 942 | _cBK | ||
| 999 |
_c17375 _d17375 |
||